Az ENSZ Alapokmányának létrejötte és módosulásai

Bibliográfiai részletek
Szerző: Fülöp Bence
További közreműködők: Aszódi Dr. Ilona
Dokumentumtípus: Diplomadolgozat
Kulcsszavak:ENSZ
Nemzetközi kapcsolatok
Biztonsági Tanács
Reform
Biztonságpolitika
Online Access:http://dolgozattar.uni-bge.hu/467

MARC

LEADER 00000nta a2200000 i 4500
001 dolg467
005 20151014110438.0
008 150305suuuu hu om 000 hun d
040 |a BGE Dolgozattár Repozitórium  |b hun 
041 |a hu 
100 1 |a Fülöp Bence 
245 1 3 |a Az ENSZ Alapokmányának létrejötte és módosulásai  |c Fülöp Bence  |h [elektronikus dokumentum] 
695 |a ENSZ 
695 |a Nemzetközi kapcsolatok 
695 |a Biztonsági Tanács 
695 |a Reform 
695 |a Biztonságpolitika 
700 1 |a Aszódi Dr. Ilona  |e ths 
856 4 0 |u http://dolgozattar.uni-bge.hu/467/1/FulopBence_MA_SZAKDOLGOZAT.pdf  |z Dokumentum-elérés